BUISNESS AND HUMAN RIGHTS (Record no. 1715552)

MARC details
000 -LEADER
fixed length control field 00402nam a22001697a 4500
003 - CONTROL NUMBER IDENTIFIER
control field OSt
005 - DATE AND TIME OF LATEST TRANSACTION
control field 20260316172007.0
008 - FIXED-LENGTH DATA ELEMENTS--GENERAL INFORMATION
fixed length control field 260316b |||||||| |||| 00| 0 eng d
040 ## - CATALOGING SOURCE
Transcribing agency FLL
041 ## - LANGUAGE CODE
Language code of text/sound track or separate title ENG
Language code of sung or spoken text ENG
100 ## - MAIN ENTRY--PERSONAL NAME
Personal name POKHARIYAL, PURVI
9 (RLIN) 753131
245 ## - TITLE STATEMENT
Title BUISNESS AND HUMAN RIGHTS
250 ## - EDITION STATEMENT
Edition statement 1st
260 ## - PUBLICATION, DISTRIBUTION, ETC.
Place of publication, distribution, etc. KARNATAKA
Name of publisher, distributor, etc. THOMSON REUTORS
Date of publication, distribution, etc. 2025
300 ## - PHYSICAL DESCRIPTION
Extent 230
942 ## - ADDED ENTRY ELEMENTS (KOHA)
Source of classification or shelving scheme Colon Classification (CC)
Koha item type Textbook
Suppress in OPAC No
Holdings
Withdrawn status Lost status Source of classification or shelving scheme Damaged status Not for loan Home library Current library Date acquired Source of acquisition Cost, normal purchase price Inventory number Total Checkouts Full call number Barcode Date last seen Price effective from Koha item type
    Colon Classification (CC)     Law Centre-I Library Law Centre-I Library 2026-02-05 SEGMENT 795.00 71456/05/02/26/2152   Z1 R5 LO1646444 2026-03-16 2026-03-16 Textbook
    Colon Classification (CC)     Law Centre-I Library Law Centre-I Library 2026-02-05 SEGMENT 795.00 71456/05/02/26/2152   Z1 R5 LO1646445 2026-03-16 2026-03-16 Textbook
Copyright @ Delhi University Library System